000 00550nam a22001457a 4500
082 _a621.3
100 _aQureshi, Furqan Haider
245 _aPerformance Evaluation of Triangular Quadrature Amplitude Modulation over Fading Channels and Diversity Reception Schemes /
_cFurqan Haider Qureshi
260 _aIslamabad :
_bCEME - NUST,
_c2014.
300 _a100 p. ;
_c30cm.
650 _aElectrical Engineering-MS-Thesis
_916073
700 _aDr. Shahzad Amin Sheikh
_918620
942 _2ddc
_cTHE
999 _c537866
_d537866